Catálogo
 En Linea

Orden No. 54 de la Secretaría de Justicia e Instrucción Pública. (Registro nro. 30960)

Detalles MARC
000 -CABECERA
campo de control de longitud fija 00270nam a2200097 a 4500
005 - FECHA Y HORA DE LA ÚLTIMA TRANSACCIÓN
campo de control 20200930062942.0
008 - DATOS DE LONGITUD FIJA--INFORMACIÓN GENERAL
campo de control de longitud fija 110627s2004 000 spa d
040 ## - FUENTE DE LA CATALOGACIÓN
Centro catalogador/agencia de origen DO-SdBNP
245 #0 - MENCIÓN DE TÍTULO
Título Orden No. 54 de la Secretaría de Justicia e Instrucción Pública.
260 ## - PUBLICACIÓN, DISTRIBUCIÓN, ETC.
Fecha de publicación, distribución, etc. [s.f.].

No hay ítems disponibles.

Con tecnología Koha